000
00300nam a22001337a 4500
008
170822b xxu||||| |||| 00| 0 eng d
020
_a
9780521091893
041
_a
eng
080
_a
51
100
_a
38
101
_a
MAT
245
_a
A COURSE OF MODERN ANALYSIS
_c
WATSON.G.N
942
_2
udc
_c
BK
999
_c
24585
_d
24585